<?xml version="1.0" encoding="UTF-8"?>
<record
    xmlns:xsi="http://www.w3.org/2001/XMLSchema-instance"
    xsi:schemaLocation="http://www.loc.gov/MARC21/slim http://www.loc.gov/standards/marcxml/schema/MARC21slim.xsd"
    xmlns="http://www.loc.gov/MARC21/slim">

  <leader>01570nmm a22003017a 4500</leader>
  <controlfield tag="005">20260307064603.0</controlfield>
  <controlfield tag="008">200929b2015    ag ||||| |||| 00| 0 spa d</controlfield>
  <datafield tag="020" ind1=" " ind2=" ">
    <subfield code="a">9789500010979</subfield>
  </datafield>
  <datafield tag="040" ind1=" " ind2=" ">
    <subfield code="a">AR-MoUNM</subfield>
  </datafield>
  <datafield tag="082" ind1="0" ind2=" ">
    <subfield code="2">20</subfield>
    <subfield code="a">930.071 5</subfield>
    <subfield code="b">ARGENTI 691</subfield>
  </datafield>
  <datafield tag="110" ind1="1" ind2=" ">
    <subfield code="9">3477</subfield>
    <subfield code="a">Argentina.</subfield>
    <subfield code="b">Ministerio de Educaci&#xF3;n</subfield>
  </datafield>
  <datafield tag="245" ind1="1" ind2="0">
    <subfield code="a">Historia mundial contempor&#xE1;nea</subfield>
    <subfield code="h">[recurso electr&#xF3;nico] /</subfield>
    <subfield code="c">Ministerio de Educaci&#xF3;n de la Naci&#xF3;n</subfield>
  </datafield>
  <datafield tag="260" ind1=" " ind2=" ">
    <subfield code="a">Buenos Aires : </subfield>
    <subfield code="b">Ministerio de Educaci&#xF3;n de la Naci&#xF3;n,</subfield>
    <subfield code="c">2015.</subfield>
  </datafield>
  <datafield tag="300" ind1=" " ind2=" ">
    <subfield code="a">1 Recurso en l&#xED;nea (204 p.)</subfield>
  </datafield>
  <datafield tag="490" ind1="0" ind2=" ">
    <subfield code="a">(Quiero estudiar FINES)</subfield>
  </datafield>
  <datafield tag="505" ind1="0" ind2=" ">
    <subfield code="t">Unidad 1: La formaci&#xF3;n de la sociedad burguesa, capitalista y liberal (fines del siglo XVIII-1850)</subfield>
  </datafield>
  <datafield tag="505" ind1="0" ind2=" ">
    <subfield code="t">Unidad 2: El capitalismo liberal adquiere una dimensi&#xF3;n mundial (1850-1914)</subfield>
  </datafield>
  <datafield tag="505" ind1="0" ind2=" ">
    <subfield code="t">Unidad 3: La crisis de la sociedad capitalista liberal (1914-1930)</subfield>
  </datafield>
  <datafield tag="505" ind1="0" ind2=" ">
    <subfield code="t">Unidad 4: Las respuestas a la crisis de las sociedades capitalistas y liberales. Hacia una nueva guerra (1930-1945)</subfield>
  </datafield>
  <datafield tag="505" ind1="0" ind2=" ">
    <subfield code="t">Unidad 5: Un mundo dividido: el Estado de Bienestar versus el &#x201C;socialismo real&#x201D; (1945-1973)</subfield>
  </datafield>
  <datafield tag="505" ind1="0" ind2=" ">
    <subfield code="t">Unidad 6: El fin de la guerra fr&#xED;a y un nuevo capitalismo, el neoliberal (1973-1991)</subfield>
  </datafield>
  <datafield tag="505" ind1="0" ind2=" ">
    <subfield code="t">Unidad 7: &#xBF;Crisis del capitalismo neoliberal? (1991-&#x2026;)</subfield>
  </datafield>
  <datafield tag="650" ind1=" " ind2="7">
    <subfield code="2">unescot</subfield>
    <subfield code="9">2599</subfield>
    <subfield code="a">EDUCACION DE ADULTOS</subfield>
  </datafield>
  <datafield tag="650" ind1=" " ind2="7">
    <subfield code="a">ENSE&#xD1;ANZA DE LA HISTORIA</subfield>
    <subfield code="2">unescot</subfield>
    <subfield code="9">641</subfield>
  </datafield>
  <datafield tag="650" ind1=" " ind2="7">
    <subfield code="2">unescot</subfield>
    <subfield code="9">126</subfield>
    <subfield code="a">HISTORIA CONTEMPORANEA</subfield>
  </datafield>
  <datafield tag="856" ind1="4" ind2=" ">
    <subfield code="y">Acceda al libro electr&#xF3;nico</subfield>
    <subfield code="u">https://unmcloud.unm.edu.ar/index.php/s/sMFfFX2gGKsA9Yd</subfield>
  </datafield>
  <datafield tag="942" ind1=" " ind2=" ">
    <subfield code="c">EBOOK</subfield>
  </datafield>
  <datafield tag="999" ind1=" " ind2=" ">
    <subfield code="c">14598</subfield>
    <subfield code="d">14599</subfield>
  </datafield>
  <datafield tag="952" ind1=" " ind2=" ">
    <subfield code="0">0</subfield>
    <subfield code="1">0</subfield>
    <subfield code="4">0</subfield>
    <subfield code="7">0</subfield>
    <subfield code="a">DIGI</subfield>
    <subfield code="b">DIGI</subfield>
    <subfield code="d">2020-10-02</subfield>
    <subfield code="l">0</subfield>
    <subfield code="o">930.071 5 ARGENTI 691</subfield>
    <subfield code="r">2020-10-02 00:00:00</subfield>
    <subfield code="u">&lt;a href=https://unmcloud.unm.edu.ar/index.php/s/sMFfFX2gGKsA9Yd&gt;Acceda al libro electr&#xF3;nico&lt;/a&gt;</subfield>
    <subfield code="w">2020-10-02</subfield>
    <subfield code="y">EBOOK</subfield>
  </datafield>
</record>
